Loading...
| Religion | 1 | 2 | 0 | 1 | 35 | 50 | 87.33 | 0 | 2 | 1.32 | 6.06 |
| Philosophy | 0 | 3 | 0 | 3 | 30 | 104 | 120.33 | 0 | 1 | 5.33 | 12.12 |
| Literature - American | 1 | 1 | 0 | 1 | 25 | 48 | 90.50 | 0 | 2 | 6.34 | 17.42 |
| History - American | 0 | 2 | 0 | 1 | 20 | 88 | 116.00 | 0 | 1 | 0.00 | 3.03 |
| History - European | 0 | 2 | 0 | 1 | 20 | 84 | 101.00 | 1 | 1 | 9.07 | 12.12 |
| Literature - European | 1 | 0 | 0 | 0 | 15 | 22 | 22.00 | 1 | 1 | 10.70 | 29.55 |
| Current Events | 0 | 1 | 0 | 0 | 10 | 74 | 74.00 | 0 | 1 | 43.49 | 88.89 |
| Social Science | 0 | 1 | 0 | 0 | 10 | 114 | 114.00 | 0 | 1 | 2.37 | 9.09 |
| Fine Arts - Auditory | 0 | 1 | 0 | 1 | 10 | 130 | 130.00 | 0 | 1 | 0.00 | 0.00 |
| Fine Arts - Other | 0 | 1 | 0 | 0 | 10 | 117 | 117.00 | 0 | 1 | 0.00 | 0.00 |
| History - Other | 0 | 1 | 0 | 1 | 10 | 132 | 132.00 | 0 | 0 | 2.99 | 9.09 |
| History - World | 0 | 1 | 0 | 0 | 10 | 80 | 80.00 | 0 | 1 | 3.74 | 10.61 |
| Literature - British | 0 | 1 | 0 | 1 | 10 | 129 | 129.00 | 0 | 0 | 5.36 | 17.42 |